=LDR 00000nam 2200000 4500 =001 INLIS000000000031166 =005 20130612133243 =008 ***********************************Ind** =035 ##$$0010-061300000031166 =041 ##$$a Ind =082 ##$$a 641.3 =090 ##$$a 641.3, Sri t =100 ##$$a Sri, Maryati =245 ##$$a Tata laksana makanan, Sri Maryati =260 ##$$a 2000 $b Jakarta =300 ##$$a vii, 139 hlm, ilus, 21 cm =650 ##$$a Makanan =850 ##$$a NBPNMAT